=LDR 00000nam 2200000 4500 =001 INLIS000000000010267 =005 20200225012924 =035 ##$$a 0010-061300000010267 =008 200225################g##########0#ind## =041 ##$$a Ind =082 ##$$a 158 =090 ##$$a 158.7, Agu p =100 ##$$a Agusnawar =245 1#$$a Psikologi pelayanan : $b Pengantar dalam industri hotel untuk profesi dan mahasiswa /$c Agusnawar =260 ##$$a Bandung :$b Alfabeta,$c 2002 =300 ##$$a vii, 104 hlm : $b ilus ; $c 20,5 x 14,5 cm =650 #4$$a Psikologi Industri =850 ##$$a NBPNMAT =020 ##$$a 979-8433-55-4 =084 ##$$a 158 AGU p =504 ##$$a Bibliografi : halaman. 98 - 99 =990 ##$$a 21004018 =990 ##$$a 21004017 =990 ##$$a 21004015